Information retrieval (Record no. 6947)
[ view plain ]
| 000 -LEADER | |
|---|---|
| fixed length control field | 00390 a2200145 4500 |
| 040 ## - CATALOGING SOURCE | |
| Original cataloging agency | DLC |
| Language of cataloging | DLC |
| 082 ## - DEWEY DECIMAL CLASSIFICATION NUMBER | |
| Classification number | 025.04 |
| 100 ## - MAIN ENTRY--PERSONAL NAME | |
| Personal name | Rijsbergen, C. J. Van |
| 245 ## - TITLE STATEMENT | |
| Title | Information retrieval |
| Statement of responsibility, etc. | C. J. Van Rijsbergen, |
| 260 ## - PUBLICATION, DISTRIBUTION, ETC. | |
| Place of publication, distribution, etc. | U K: |
| Name of publisher, distributor, etc. | University of Glasgow. |
| 300 ## - PHYSICAL DESCRIPTION | |
| Extent | 147 p. ; |
| Dimensions | 27 cm. |
| 500 ## - GENERAL NOTE | |
| General note | Includes Index |
| 650 ## - SUBJECT ADDED ENTRY--TOPICAL TERM | |
| Topical term or geographic name entry element | Information retrieval. |
| 942 ## - ADDED ENTRY ELEMENTS (KOHA) | |
| Koha item type | Book |
| Call number prefix | 025.04 RIJ |
| Source of classification or shelving scheme | |
| Withdrawn status | Lost status | Damaged status | Not for loan | Collection code | Permanent Location | Current Location | Shelving location | Date acquired | Source of acquisition | Cost, normal purchase price | Total Checkouts | Full call number | Barcode | Date last seen | Price effective from | Koha item type |
|---|---|---|---|---|---|---|---|---|---|---|---|---|---|---|---|---|
| Central Library (CL) | Central Library (CL) | First Floor - Journalism | 03/18/2004 | Perfect Copier | 250.00 | 025.04 RIJ | SEECS004273 | 11/14/2012 | 01/05/2017 | Book |
